[Event "32. Copenhagen Open (Politiken Cup)"]
[Site "Elsinore"]
[Date "2010.08.04"]
[Round "6"]
[White "Jensen, Ib"]
[Black "Skjoldager, Per"]
[Result "1-0"]
[WhiteElo "1970"]
[BlackElo "2137"]
[PlyCount "49"]
[EventDate "2010.07.31"]
[EventType "swiss"]
[EventRounds "10"]
[EventCountry "DEN"]
[Source "ChessBase"]
[SourceDate "2010.09.01"]

1. d4 Nf6 2. Nf3 e6 3. e3 b6 4. Bd3 Bb7 5. Nbd2 d5 6. O-O Bd6 7. b3 O-O 8. Ne5
c5 9. Bb2 Nc6 10. a3 Qc7 11. Ndf3 h6 12. Nxc6 Bxc6 13. dxc5 bxc5 14. Bxf6 gxf6
15. Nh4 Rfd8 16. Qh5 Bf8 17. f4 c4 18. Be2 d4 19. exd4 Rxd4 20. f5 Qe5 21. Bxc4
Qe3+ 22. Kh1 Qh3 23. Bxe6 Rxh4 24. Qxf7+ Kh8 25. Qg8# 1-0

[Event "32. Copenhagen Open (Politiken Cup)"]
[Site "Elsinore"]
[Date "2010.08.04"]
[Round "6"]
[White "Jensen, Michael Agermose"]
[Black "Jorgensen, Dennis"]
[Result "1/2-1/2"]
[WhiteElo "2084"]
[BlackElo "2216"]
[PlyCount "22"]
[EventDate "2010.07.31"]
[EventType "swiss"]
[EventRounds "10"]
[EventCountry "DEN"]
[Source "ChessBase"]
[SourceDate "2010.09.01"]

1. e4 c6 2. d4 d5 3. e5 Bf5 4. Nc3 Qb6 5. Bd3 Bxd3 6. Qxd3 e6 7. Nge2 Qa6 8.
Qh3 Nd7 9. O-O c5 10. a4 O-O-O 11. Nb5 Qb6 1/2-1/2

[Event "32. Copenhagen Open (Politiken Cup)"]
[Site "Elsinore"]
[Date "2010.08.04"]
[Round "6"]
[White "Jensen, Morten Frank"]
[Black "Jensen, Leif Norholm"]
[Result "1-0"]
[WhiteElo "2005"]
[BlackElo "1810"]
[PlyCount "111"]
[EventDate "2010.07.31"]
[EventType "swiss"]
[EventRounds "10"]
[EventCountry "DEN"]
[Source "ChessBase"]
[SourceDate "2010.09.01"]

1. e4 c5 2. Na3 e6 3. f4 a6 4. c3 b5 5. Nf3 Bb7 6. d3 d5 7. e5 Nc6 8. Nc2 Nge7
9. d4 cxd4 10. Nfxd4 Nxd4 11. Nxd4 Nc6 12. Be3 Qc7 13. Be2 Nxd4 14. Bxd4 Bc5
15. Kf2 f6 16. Bxc5 Qxc5+ 17. Qd4 Qxd4+ 18. cxd4 fxe5 19. dxe5 Rf8 20. Ke3 d4+
21. Kxd4 Rxf4+ 22. Kc5 Re4 23. Bf3 Rc4+ 24. Kb6 Bxf3 25. gxf3 a5 26. Rac1 Rb8+
27. Ka6 Rbc8 28. Rxc4 Rxc4 29. b3 Rc2 30. Kxa5 Rxa2+ 31. Kxb5 Re2 32. f4 g5 33.
Kc6 gxf4 34. Kd6 Kf7 35. Rf1 Re4 36. Ra1 Rd4+ 37. Kc6 Rd5 38. Re1 Kg6 39. b4
Kf5 40. b5 Rd3 41. b6 Rc3+ 42. Kd7 Rb3 43. Kc7 Rc3+ 44. Kb8 f3 45. b7 f2 46.
Rb1 Re3 47. Kc7 Rb3 48. b8=Q Rxb8 49. Rxb8 Kxe5 50. Rf8 Ke4 51. Rxf2 Ke3 52.
Rf6 e5 53. Kd6 e4 54. Ke5 Kd3 55. Kf4 e3 56. Kf3 1-0

[Event "32. Copenhagen Open (Politiken Cup)"]
[Site "Elsinore"]
[Date "2010.08.04"]
[Round "6"]
[White "Jepson, Christian"]
[Black "Ganguly, Surya Shekhar"]
[Result "0-1"]
[WhiteElo "2394"]
[BlackElo "2655"]
[PlyCount "72"]
[EventDate "2010.07.31"]
[EventType "swiss"]
[EventRounds "10"]
[EventCountry "DEN"]
[Source "ChessBase"]
[SourceDate "2010.09.01"]

1. c4 Nf6 2. Nc3 g6 3. e4 d6 4. d4 Bg7 5. f4 O-O 6. Nf3 c5 7. d5 e6 8. Be2 exd5
9. cxd5 Bg4 10. O-O Nbd7 11. Re1 Re8 12. h3 Bxf3 13. Bxf3 Qa5 14. Be3 b5 15. a3
Nb6 16. e5 Nfd7 17. e6 Nc4 18. Bd2 Ndb6 19. f5 Bd4+ 20. Kh1 f6 21. Ne4 Nxd2 22.
Nxd2 Bxb2 23. Ra2 Bd4 24. fxg6 hxg6 25. Bh5 gxh5 26. Qxh5 Re7 27. Re4 f5 28.
Qxf5 Rf8 29. Rg4+ Bg7 30. Qg5 Nc8 31. Ne4 Qe1+ 32. Kh2 Rc7 33. Qg6 c4 34. Rc2
Qf1 35. Nxd6 Nxd6 36. Rh4 Qf5 0-1

[Event "32. Copenhagen Open (Politiken Cup)"]
[Site "Elsinore"]
[Date "2010.08.04"]
[Round "6"]
[White "Jessen, Ernst J"]
[Black "Pawlak, Wojciech Zbignew"]
[Result "1/2-1/2"]
[WhiteElo "1771"]
[BlackElo "1627"]
[PlyCount "46"]
[EventDate "2010.07.31"]
[EventType "swiss"]
[EventRounds "10"]
[EventCountry "DEN"]
[Source "ChessBase"]
[SourceDate "2010.09.01"]

1. e4 c6 2. d4 d5 3. Nc3 dxe4 4. Nxe4 Bf5 5. Ng3 Bg6 6. c3 Qc7 7. Nf3 h6 8. Bd3
Bxd3 9. Qxd3 Nd7 10. Be3 Ngf6 11. Qd2 e6 12. Bf4 Bd6 13. Bxd6 Qxd6 14. O-O
O-O-O 15. Qe2 Nd5 16. Ne4 Qe7 17. g3 f5 18. Nc5 Nxc5 19. dxc5 f4 20. Ne5 Qf6
21. Nc4 b5 22. Nd6+ Kc7 23. a4 f3 1/2-1/2

[Event "32. Copenhagen Open (Politiken Cup)"]
[Site "Elsinore"]
[Date "2010.08.04"]
[Round "6"]
[White "Jonsson, Lennart"]
[Black "Kyrkjebo, Erlend"]
[Result "1-0"]
[WhiteElo "2105"]
[BlackElo "1922"]
[PlyCount "37"]
[EventDate "2010.07.31"]
[EventType "swiss"]
[EventRounds "10"]
[EventCountry "DEN"]
[Source "ChessBase"]
[SourceDate "2010.09.01"]

1. d4 Nf6 2. Nf3 e6 3. e3 c5 4. Bd3 b6 5. O-O Bb7 6. b3 Be7 7. Bb2 O-O 8. Nbd2
d5 9. Qe2 Ne4 10. Rad1 Qc7 11. c4 Rd8 12. Bb1 Bd6 13. Nxe4 dxe4 14. Ng5 Bxh2+
15. Kh1 Bd6 16. Qh5 h6 17. Nxe4 Bf8 18. d5 Qc8 19. Nf6+ 1-0

[Event "32. Copenhagen Open (Politiken Cup)"]
[Site "Elsinore"]
[Date "2010.08.04"]
[Round "6"]
[White "Jorgensen, Carina Eilegaard"]
[Black "Andersen, Morten"]
[Result "1/2-1/2"]
[WhiteElo "2038"]
[BlackElo "2179"]
[PlyCount "36"]
[EventDate "2010.07.31"]
[EventType "swiss"]
[EventRounds "10"]
[EventCountry "DEN"]
[Source "ChessBase"]
[SourceDate "2010.09.01"]

1. d4 Nf6 2. c4 e6 3. Nf3 b6 4. g3 Ba6 5. Qc2 Bb7 6. Bg2 c5 7. O-O Nc6 8. e3
Rc8 9. Nc3 Na5 10. b3 cxd4 11. Nxd4 Bxg2 12. Kxg2 d5 13. cxd5 Nxd5 14. Bb2 Nxc3
15. Bxc3 Bb4 16. Ne2 Bxc3 17. Nxc3 O-O 18. Rac1 b5 1/2-1/2

[Event "32. Copenhagen Open (Politiken Cup)"]
[Site "Elsinore"]
[Date "2010.08.04"]
[Round "6"]
[White "Kaaber Hansen, Jacob"]
[Black "Brondt, Nicolai Kvist"]
[Result "1/2-1/2"]
[WhiteElo "2232"]
[BlackElo "2152"]
[PlyCount "82"]
[EventDate "2010.07.31"]
[EventType "swiss"]
[EventRounds "10"]
[EventCountry "DEN"]
[Source "ChessBase"]
[SourceDate "2010.09.01"]

1. e4 c6 2. d4 d5 3. Nc3 dxe4 4. Nxe4 Bf5 5. Ng3 Bg6 6. h4 h6 7. Nf3 Nd7 8. h5
Bh7 9. Bd3 Bxd3 10. Qxd3 e6 11. Bf4 Qa5+ 12. Bd2 Bb4 13. c3 Be7 14. c4 Qc7 15.
Ne4 Ngf6 16. Bc3 Rd8 17. Nxf6+ Nxf6 18. O-O-O O-O 19. Kb1 b5 20. cxb5 cxb5 21.
Qxb5 Rb8 22. Qa5 Qxa5 23. Bxa5 Rb5 24. Bc3 Ne4 25. Be1 Rfb8 26. b3 a5 27. Ne5
Bb4 28. f3 Nc3+ 29. Bxc3 Bxc3 30. Rd3 Bb4 31. g4 Rd8 32. Nc6 Rd6 33. a4 Rb6 34.
Na7 Rb7 35. Nb5 Rd5 36. f4 Rbd7 37. Rc1 f5 38. Nc7 Rxd4 39. Rxd4 Rxd4 40. Nxe6
Rd3 41. gxf5 Rxb3+ 1/2-1/2

[Event "32. Copenhagen Open (Politiken Cup)"]
[Site "Elsinore"]
[Date "2010.08.04"]
[Round "6"]
[White "Knudsen, Jes West"]
[Black "Thingstad, Even"]
[Result "0-1"]
[WhiteElo "1985"]
[BlackElo "2142"]
[PlyCount "84"]
[EventDate "2010.07.31"]
[EventType "swiss"]
[EventRounds "10"]
[EventCountry "DEN"]
[Source "ChessBase"]
[SourceDate "2010.09.01"]

1. e4 c6 2. Nf3 d5 3. exd5 cxd5 4. Ne5 Nf6 5. d4 g6 6. Bd3 Bg7 7. Bf4 Qb6 8. b3
O-O 9. Be2 Nc6 10. Be3 Bf5 11. g4 Be4 12. O-O Nb4 13. Nc3 Nxc2 14. Nxe4 Nxe3
15. fxe3 dxe4 16. Nc4 Qe6 17. g5 Nd5 18. Bg4 Qa6 19. a4 Rad8 20. Qe1 b5 21.
axb5 Qxb5 22. Ra3 Nb6 23. Be2 Qxg5+ 24. Kh1 Nd5 25. Rg1 Qf6 26. b4 Bh6 27. Qb1
Qe6 28. Rg3 Rc8 29. Qb3 Nb6 30. Nd2 Rc1+ 31. Rg1 Qxb3 32. Rxb3 Rc2 33. Rd1 Nd5
34. Ba6 Nxe3 35. Rxe3 Bxe3 36. Nxe4 Rd8 37. d5 Rc1 38. Rxc1 Bxc1 39. Bc4 Rc8
40. Bb3 Bf4 41. b5 Rc1+ 42. Kg2 Rb1 0-1

[Event "32. Copenhagen Open (Politiken Cup)"]
[Site "Elsinore"]
[Date "2010.08.04"]
[Round "6"]
[White "Kopperberg, Steen"]
[Black "Petersen, Jan Han"]
[Result "1-0"]
[WhiteElo "1798"]
[BlackElo "1700"]
[PlyCount "101"]
[EventDate "2010.07.31"]
[EventType "swiss"]
[EventRounds "10"]
[EventCountry "DEN"]
[Source "ChessBase"]
[SourceDate "2010.09.01"]

1. d4 Nf6 2. Bg5 Ne4 3. Bf4 d5 4. f3 Nf6 5. c3 c5 6. e3 cxd4 7. exd4 Bf5 8. Bd3
Bxd3 9. Qxd3 e6 10. Nd2 Bd6 11. Bxd6 Qxd6 12. Ne2 Nc6 13. O-O O-O 14. Rfc1 Rac8
15. a3 Rc7 16. Rc2 Rfc8 17. Rac1 Ne7 18. b4 Nd7 19. c4 dxc4 20. Nxc4 Qa6 21.
Qb3 b5 22. Na5 Rxc2 23. Rxc2 Rxc2 24. Qxc2 Qc8 25. Qc3 Qxc3 26. Nxc3 a6 27. Ne4
Nd5 28. Nc5 Nb8 29. Kf2 Kf8 30. g3 Ke7 31. Ke2 Nc3+ 32. Kd3 Nb1 33. Kc2 Nxa3+
34. Kb2 Nc4+ 35. Nxc4 bxc4 36. Kc3 Kd6 37. Kxc4 Kc6 38. Nxa6 Nxa6 39. b5+ Kb6
40. bxa6 Kxa6 41. Kc5 Ka5 42. Kd6 Kb4 43. Ke7 Kc4 44. Kxf7 Kxd4 45. Kxe6 Ke3
46. f4 Kf3 47. Kf7 g6 48. Kg7 Kg2 49. Kxh7 Kxh2 50. Kxg6 Kxg3 51. f5 1-0

[Event "32. Copenhagen Open (Politiken Cup)"]
[Site "Elsinore"]
[Date "2010.08.04"]
[Round "6"]
[White "Krasenkow, Michal"]
[Black "Eljanov, Pavel"]
[Result "0-1"]
[WhiteElo "2628"]
[BlackElo "2755"]
[PlyCount "56"]
[EventDate "2010.07.31"]
[EventType "swiss"]
[EventRounds "10"]
[EventCountry "DEN"]
[Source "ChessBase"]
[SourceDate "2010.09.01"]

1. Nf3 d5 2. d4 Nf6 3. c4 e6 4. Nc3 dxc4 5. Qa4+ c6 6. Qxc4 b5 7. Qd3 a6 8. Bg5
c5 9. O-O-O c4 10. Bxf6 Qxf6 11. Qe4 Ra7 12. Qe3 Nd7 13. Ne5 Rc7 14. g4 Bb4 15.
Bg2 Nxe5 16. dxe5 Qe7 17. Ne4 O-O 18. g5 c3 19. Rd6 cxb2+ 20. Kxb2 Rc4 21. Qd3
Bxd6 22. exd6 Qd8 23. Rd1 Bb7 24. Nf6+ gxf6 25. Bxb7 fxg5 26. Bxa6 Rb4+ 27. Kc1
Qa5 28. Qe3 h6 0-1

[Event "32. Copenhagen Open (Politiken Cup)"]
[Site "Elsinore"]
[Date "2010.08.04"]
[Round "6"]
[White "Larsen, Eigil"]
[Black "Holst, Conny"]
[Result "0-1"]
[WhiteElo "1813"]
[BlackElo "2185"]
[PlyCount "68"]
[EventDate "2010.07.31"]
[EventType "swiss"]
[EventRounds "10"]
[EventCountry "DEN"]
[Source "ChessBase"]
[SourceDate "2010.09.01"]

1. e4 c5 2. Nc3 Nc6 3. f4 e6 4. Bc4 a6 5. d3 b5 6. Bb3 Nge7 7. Nf3 d5 8. a3 Bb7
9. O-O dxe4 10. Nxe4 Nf5 11. c3 Be7 12. Qe2 Qb6 13. Kh1 h5 14. Neg5 Nd8 15. Bc2
h4 16. Kg1 Rc8 17. Be3 Qc6 18. d4 Bxg5 19. fxg5 h3 20. Bd2 hxg2 21. Qxg2 cxd4
22. Rae1 Nh4 23. Nxh4 Rxh4 24. Qxc6+ Bxc6 25. Re2 dxc3 26. Bxc3 Rg4+ 27. Kf2
Rxg5 28. Re3 Rg2+ 29. Ke1 Rxc2 30. Rh3 Rc1+ 31. Ke2 Rxf1 32. Kxf1 Be4 33. Bxg7
Rc2 34. Bf6 Bg2+ 0-1

[Event "32. Copenhagen Open (Politiken Cup)"]
[Site "Elsinore"]
[Date "2010.08.04"]
[Round "6"]
[White "Haagen Larsen, Hans"]
[Black "Hansen, Verner"]
[Result "0-1"]
[WhiteElo "1798"]
[BlackElo "1927"]
[PlyCount "74"]
[EventDate "2010.07.31"]
[EventType "swiss"]
[EventRounds "10"]
[EventCountry "DEN"]
[Source "ChessBase"]
[SourceDate "2010.09.01"]

1. d4 d5 2. Bf4 e6 3. Nf3 Nf6 4. e3 c5 5. c3 Be7 6. Nbd2 O-O 7. Be2 Nbd7 8. Qb3
b6 9. Ne5 Nxe5 10. dxe5 Nd7 11. Nf3 Bb7 12. h4 f6 13. h5 fxe5 14. Nxe5 Nxe5 15.
Bxe5 Bd6 16. Bxd6 Qxd6 17. Bf3 Rad8 18. O-O-O Qe5 19. Rh4 Kh8 20. Qa4 c4 21.
Rg4 a6 22. Qc2 b5 23. Rdd4 a5 24. Rg3 Qf5 25. e4 Qf4+ 26. Kb1 e5 27. Rd1 d4 28.
cxd4 exd4 29. e5 d3 30. Qc3 b4 31. Qe1 d2 32. Qe3 Qf5+ 33. Ka1 Qc2 34. Be2 c3
35. bxc3 Rxf2 36. Rxg7 Rxe2 37. Qh6 Qxc3+ 0-1

[Event "32. Copenhagen Open (Politiken Cup)"]
[Site "Elsinore"]
[Date "2010.08.04"]
[Round "6"]
[White "Madsen, Dennis"]
[Black "Rasmussen, Morten(1956)"]
[Result "0-1"]
[WhiteElo "1557"]
[BlackElo "1869"]
[PlyCount "76"]
[EventDate "2010.07.31"]
[EventType "swiss"]
[EventRounds "10"]
[EventCountry "DEN"]
[Source "ChessBase"]
[SourceDate "2010.09.01"]

1. d4 Nf6 2. Nc3 d5 3. e4 Nxe4 4. Nxe4 dxe4 5. Bc4 Nc6 6. c3 e5 7. d5 Ne7 8. f3
Ng6 9. g3 exf3 10. Nxf3 Bc5 11. Bg5 Qd6 12. a4 a6 13. b4 Ba7 14. Qd3 O-O 15.
Kd2 h6 16. Be3 Bxe3+ 17. Qxe3 c6 18. Qc5 Rd8 19. Qxd6 Rxd6 20. Rae1 cxd5 21.
Bb3 f6 22. Rhf1 Be6 23. h4 a5 24. b5 b6 25. Re3 Nf8 26. Rfe1 Rc8 27. g4 Bxg4
28. Nxe5 fxe5 29. Rxe5 Be6 30. Kd3 Nd7 31. Kd4 Nxe5 32. Rxe5 Kf7 33. Re3 Ke7
34. Ke5 Rf8 35. Bc2 Rf2 36. Bg6 Bf7 37. Kd4+ Re6 38. Bxf7 Rf4+ 0-1

[Event "32. Copenhagen Open (Politiken Cup)"]
[Site "Elsinore"]
[Date "2010.08.04"]
[Round "6"]
[White "Meier, Georg"]
[Black "Hector, Jonny"]
[Result "1-0"]
[WhiteElo "2648"]
[BlackElo "2584"]
[PlyCount "83"]
[EventDate "2010.07.31"]
[EventType "swiss"]
[EventRounds "10"]
[EventCountry "DEN"]
[Source "ChessBase"]
[SourceDate "2010.09.01"]

1. d4 d5 2. c4 c6 3. Nf3 Nf6 4. e3 Bf5 5. Nc3 e6 6. Nh4 Be4 7. f3 Bg6 8. Qb3
Qb6 9. Nxg6 hxg6 10. Kf2 Be7 11. Qxb6 axb6 12. Bd2 O-O 13. g4 Rd8 14. g5 Ne8
15. cxd5 cxd5 16. h4 Nc6 17. Nb5 Rdc8 18. Bd3 Bb4 19. Ke2 Kf8 20. h5 gxh5 21.
Rxh5 Bxd2 22. Kxd2 Ke7 23. Rh7 Na5 24. Rc1 Nc6 25. Nc3 Nb4 26. a3 Nxd3 27. Kxd3
Nd6 28. Rch1 g6 29. R1h2 b5 30. e4 dxe4+ 31. fxe4 Nc4 32. Nxb5 Ra5 33. a4 Rxa4
34. b3 Ra3 35. Nxa3 Nxa3 36. Rf2 Rf8 37. Rf6 Nb5 38. Rxg6 Rd8 39. d5 exd5 40.
e5 Rc8 41. e6 Rc3+ 42. Kd2 1-0

[Event "32. Copenhagen Open (Politiken Cup)"]
[Site "Elsinore"]
[Date "2010.08.04"]
[Round "6"]
[White "Meier, Lars"]
[Black "Porte, Henrik"]
[Result "0-1"]
[WhiteElo "1934"]
[BlackElo "2130"]
[PlyCount "82"]
[EventDate "2010.07.31"]
[EventType "swiss"]
[EventRounds "10"]
[EventCountry "DEN"]
[Source "ChessBase"]
[SourceDate "2010.09.01"]

1. e4 c6 2. d4 d5 3. exd5 cxd5 4. Bd3 Nc6 5. c3 Nf6 6. Bf4 e6 7. Nf3 Bd6 8.
Bxd6 Qxd6 9. O-O O-O 10. Qe2 Rb8 11. Ne5 Bd7 12. Nd2 Ne7 13. Nb3 b6 14. f4 Bc6
15. Rae1 Ba8 16. Nd2 b5 17. g4 b4 18. g5 Ne4 19. Nxe4 dxe4 20. Bxe4 Bxe4 21.
Qxe4 bxc3 22. bxc3 Nf5 23. Rb1 Rxb1 24. Rxb1 Qa3 25. Qc2 Ne3 26. Qb3 Qd6 27.
Qb7 Nd5 28. Qd7 Qa6 29. Rb2 Qa3 30. Rc2 Ne3 31. Re2 Qc1+ 32. Kf2 Nd1+ 33. Kg2
Qxf4 34. Nc4 Nxc3 35. Re5 Ne4 36. Qc6 Qf2+ 37. Kh3 Qf3+ 38. Kh4 Qf2+ 39. Kh3
Qf1+ 40. Kh4 Nxg5 41. Rxg5 Qf4+ 0-1

[Event "32. Copenhagen Open (Politiken Cup)"]
[Site "Elsinore"]
[Date "2010.08.04"]
[Round "6"]
[White "Mercant Simon, Jaume"]
[Black "Munk, Poul"]
[Result "1-0"]
[WhiteElo "2100"]
[BlackElo "1959"]
[PlyCount "111"]
[EventDate "2010.07.31"]
[EventType "swiss"]
[EventRounds "10"]
[EventCountry "DEN"]
[Source "ChessBase"]
[SourceDate "2010.09.01"]

1. e4 e6 2. d4 d5 3. Nd2 Nf6 4. e5 Nfd7 5. Bd3 c5 6. c3 Nc6 7. Ne2 cxd4 8. cxd4
f6 9. exf6 Nxf6 10. Nf3 Bd6 11. O-O O-O 12. Bg5 Bd7 13. Nc3 a6 14. Bh4 Qe8 15.
Bg3 Bxg3 16. fxg3 e5 17. dxe5 Nxe5 18. Bc2 Nxf3+ 19. Qxf3 Bc6 20. Qd3 Rc8 21.
Bb3 Kh8 22. Qd4 Qd7 23. Rad1 Qc7 24. Rf5 Ne4 25. Rxf8+ Rxf8 26. Nxd5 Bxd5 27.
Bxd5 Nf6 28. Bf3 Re8 29. g4 Qa5 30. a3 Re1+ 31. Kf2 Rxd1 32. Bxd1 h6 33. Bf3
Qc7 34. h3 Qc2+ 35. Kg3 b5 36. Qc3 Qa4 37. h4 Kg8 38. Qc8+ Kf7 39. Qf5 Ke7 40.
g5 hxg5 41. Qe5+ Kd7 42. hxg5 Ne8 43. Bc6+ Kxc6 44. Qxe8+ Kd5 45. Qf7+ Kc6 46.
Qxg7 Qd1 47. Qf6+ Kc7 48. g6 Qe1+ 49. Kh2 Qd1 50. Qe5+ Kb6 51. g7 Qg4 52. Qd6+
Kb7 53. Qe7+ Kb6 54. Qd8+ Kc5 55. g8=Q Qh5+ 56. Kg1 1-0

[Event "32. Copenhagen Open (Politiken Cup)"]
[Site "Elsinore"]
[Date "2010.08.04"]
[Round "6"]
[White "Moller, Arne"]
[Black "Nielsen, Rogvi Egilstoft"]
[Result "0-1"]
[WhiteElo "1907"]
[BlackElo "2062"]
[PlyCount "36"]
[EventDate "2010.07.31"]
[EventType "swiss"]
[EventRounds "10"]
[EventCountry "DEN"]
[Source "ChessBase"]
[SourceDate "2010.09.01"]

1. e4 e5 2. Nf3 Nc6 3. Bb5 f5 4. d4 fxe4 5. Nxe5 Nxe5 6. dxe5 c6 7. Bc4 Qa5+ 8.
c3 Qxe5 9. O-O Nf6 10. Be3 d5 11. Bb3 Bd6 12. g3 Bg4 13. Qd2 Bf3 14. Bd1 Qh5
15. Bxf3 exf3 16. Bd4 O-O 17. h4 Qg4 18. Qd3 Ne4 0-1

[Event "32. Copenhagen Open (Politiken Cup)"]
[Site "Elsinore"]
[Date "2010.08.04"]
[Round "6"]
[White "Molvig, Julius"]
[Black "Carnstam, Tomas"]
[Result "0-1"]
[WhiteElo "1806"]
[BlackElo "2004"]
[PlyCount "78"]
[EventDate "2010.07.31"]
[EventType "swiss"]
[EventRounds "10"]
[EventCountry "DEN"]
[Source "ChessBase"]
[SourceDate "2010.09.01"]

1. d4 c5 2. e3 Nf6 3. c4 Nc6 4. d5 Ne5 5. Nf3 Nxf3+ 6. Qxf3 d6 7. h3 g6 8. Nc3
Bg7 9. Bd3 O-O 10. O-O Nd7 11. Qd1 f5 12. f3 Nf6 13. e4 fxe4 14. fxe4 Nh5 15.
Ne2 e5 16. Be3 Rxf1+ 17. Qxf1 Qh4 18. Qc1 Nf4 19. Nxf4 exf4 20. Bxf4 Bxh3 21.
gxh3 Bd4+ 22. Kh2 Qf2+ 23. Kh1 Qf3+ 24. Kh2 Qxd3 25. Bxd6 Qe2+ 26. Kh1 Qxe4+
27. Kh2 Qe2+ 28. Kh1 Qf3+ 29. Kh2 Re8 30. Qd1 Re2+ 31. Qxe2 Qxe2+ 32. Kh1 Qxc4
33. Kh2 Qxd5 34. Bb8 Bxb2 35. Rb1 Be5+ 36. Bxe5 Qxe5+ 37. Kg1 Qd4+ 38. Kh2 c4
39. Rxb7 Qf2+ 0-1

[Event "32. Copenhagen Open (Politiken Cup)"]
[Site "Elsinore"]
[Date "2010.08.04"]
[Round "6"]
[White "Moripen, Markus"]
[Black "Halldorsson, Bragi"]
[Result "1/2-1/2"]
[WhiteElo "1953"]
[BlackElo "2253"]
[PlyCount "71"]
[EventDate "2010.07.31"]
[EventType "swiss"]
[EventRounds "10"]
[EventCountry "DEN"]
[Source "ChessBase"]
[SourceDate "2010.09.01"]

1. e4 c6 2. d4 d5 3. Nc3 dxe4 4. Nxe4 Bf5 5. Ng3 Bg6 6. h4 h6 7. Nf3 Nd7 8. h5
Bh7 9. Bd3 Bxd3 10. Qxd3 e6 11. Bf4 Qa5+ 12. Bd2 Bb4 13. c3 Be7 14. c4 Bb4 15.
Ne4 Ngf6 16. Nd6+ Ke7 17. c5 Bxd2+ 18. Nxd2 Qc7 19. Qf3 b6 20. Rc1 bxc5 21.
dxc5 Nxc5 22. Nxf7 Kxf7 23. Rxc5 Qd6 24. Rc2 Qe5+ 25. Kf1 Rac8 26. Nc4 Qb5 27.
Qb3 Rhd8 28. Ke2 Kg8 29. Qxb5 cxb5 30. Ne3 Rxc2+ 31. Nxc2 Rd5 32. Rh3 Nxh5 33.
Ra3 Rd7 34. g3 Nf6 35. Ra5 Rb7 36. Nd4 1/2-1/2

[Event "32. Copenhagen Open (Politiken Cup)"]
[Site "Elsinore"]
[Date "2010.08.04"]
[Round "6"]
[White "Mortensen, Henrik"]
[Black "Akdag, Dara Sevkan"]
[Result "0-1"]
[WhiteElo "2003"]
[BlackElo "2164"]
[PlyCount "64"]
[EventDate "2010.07.31"]
[EventType "swiss"]
[EventRounds "10"]
[EventCountry "DEN"]
[Source "ChessBase"]
[SourceDate "2010.09.01"]

1. b4 Nf6 2. Bb2 e6 3. b5 c6 4. c4 d5 5. e3 Bd6 6. Nf3 Nbd7 7. d4 Ne4 8. Be2
Qa5+ 9. Nfd2 dxc4 10. bxc6 Nb6 11. Qc2 Nxd2 12. Qxd2 Bb4 13. Bc3 Nd5 14. Bxb4
Nxb4 15. cxb7 Bxb7 16. O-O O-O 17. Nc3 Qg5 18. f3 Nd5 19. Ne4 Qxe3+ 20. Qxe3
Nxe3 21. Rfc1 Rfd8 22. Nc5 Bc6 23. Kf2 Nf5 24. Bxc4 Rxd4 25. Nxe6 Rd2+ 26. Kf1
Ne3+ 27. Ke1 Rxg2 28. Nd4 Bd7 29. Be2 Rxh2 30. Rab1 Nf5 31. Nxf5 Bxf5 32. Rb5
Rh1+ 0-1

[Event "32. Copenhagen Open (Politiken Cup)"]
[Site "Elsinore"]
[Date "2010.08.04"]
[Round "6"]
[White "Nielsen, Aage Sondergaard"]
[Black "Nielsen, Klaus"]
[Result "1-0"]
[WhiteElo "1944"]
[BlackElo "2095"]
[PlyCount "127"]
[EventDate "2010.07.31"]
[EventType "swiss"]
[EventRounds "10"]
[EventCountry "DEN"]
[Source "ChessBase"]
[SourceDate "2010.09.01"]

1. e4 c5 2. Nc3 d6 3. f4 Nc6 4. Nf3 Nf6 5. Bb5 Bd7 6. O-O e6 7. d3 Be7 8. Qe1
O-O 9. Bxc6 Bxc6 10. h3 b5 11. b3 Qc7 12. Nd1 c4 13. Be3 Nd7 14. Rc1 a5 15. Nd4
Bf6 16. Nxc6 Qxc6 17. g4 Bd8 18. Qg3 Bb6 19. Nf2 a4 20. g5 axb3 21. axb3 f5 22.
bxc4 bxc4 23. Kh2 Ra2 24. Bxb6 Nxb6 25. Qe3 e5 26. Rb1 Nd7 27. fxe5 Nxe5 28. d4
f4 29. Qc3 Ng6 30. Rb4 Rc8 31. Rfb1 Ra7 32. Rb8 Rac7 33. Rxc8+ Rxc8 34. Rb4 Nh4
35. Kg1 Qa6 36. Rb1 Qa7 37. Rd1 Qe7 38. Kh2 Qxg5 39. Rg1 Qe7 40. Rg4 Ng6 41. h4
Nxh4 42. Qh3 Ng6 43. Rxg6 Rf8 44. Qe6+ Qxe6 45. Rxe6 Rd8 46. Nh3 h6 47. Nxf4
Kf7 48. d5 Rb8 49. Ne2 Rb1 50. Kg2 Rd1 51. Kf2 c3 52. Nxc3 Rd2+ 53. Ne2 Rxc2
54. Rxd6 h5 55. Rc6 Ra2 56. Rc3 g5 57. Re3 Rd2 58. Kg3 Ke7 59. Ng1 Kf6 60. Nf3
Rd1 61. e5+ Kf5 62. e6 h4+ 63. Kf2 h3 64. e7 1-0

[Event "32. Copenhagen Open (Politiken Cup)"]
[Site "Elsinore"]
[Date "2010.08.04"]
[Round "6"]
[White "Nielsen, Jens Holm"]
[Black "Caceres, Cipriano Sande"]
[Result "1-0"]
[WhiteElo "1901"]
[BlackElo "1745"]
[PlyCount "105"]
[EventDate "2010.07.31"]
[EventType "swiss"]
[EventRounds "10"]
[EventCountry "DEN"]
[Source "ChessBase"]
[SourceDate "2010.09.01"]

1. Nc3 d5 2. e4 d4 3. Nce2 e5 4. Ng3 Nf6 5. Bc4 Bd6 6. Nf3 h6 7. c3 dxc3 8.
bxc3 c6 9. d4 Qa5 10. Qb3 O-O 11. Bd2 b5 12. Bxf7+ Rxf7 13. dxe5 Qa4 14. Qxa4
bxa4 15. exf6 Rxf6 16. O-O Nd7 17. Nd4 Ne5 18. Rfd1 Bc5 19. f4 Nc4 20. e5 Rf8
21. Ne4 Bb6 22. Kh1 c5 23. Nb5 Bg4 24. Rf1 Nxd2 25. Nxd2 Be2 26. Nd6 Bxf1 27.
Rxf1 Rad8 28. N2c4 Bc7 29. f5 Bxd6 30. Nxd6 Rxd6 31. exd6 Kf7 32. g4 Rd8 33.
Rd1 Rd7 34. Kg2 Kf6 35. Kf3 Ke5 36. h4 h5 37. Re1+ Kd5 38. g5 Kc4 39. Re7 Rxd6
40. Rxg7 Kxc3 41. f6 Rd3+ 42. Ke4 Rd4+ 43. Ke5 Rd1 44. Rc7 c4 45. g6 Re1+ 46.
Kd5 Rd1+ 47. Kc5 Rf1 48. Rf7 Rf5+ 49. Kd6 Kd4 50. g7 Rd5+ 51. Ke7 Re5+ 52. Kf8
Rd5 53. Rc7 1-0

[Event "32. Copenhagen Open (Politiken Cup)"]
[Site "Elsinore"]
[Date "2010.08.04"]
[Round "6"]
[White "Nielsen, John Bauneborg"]
[Black "Jensen, Niels Christian"]
[Result "1/2-1/2"]
[WhiteElo "2139"]
[BlackElo "1993"]
[PlyCount "111"]
[EventDate "2010.07.31"]
[EventType "swiss"]
[EventRounds "10"]
[EventCountry "DEN"]
[Source "ChessBase"]
[SourceDate "2010.09.01"]

1. d4 Nf6 2. c4 c5 3. d5 b5 4. cxb5 a6 5. b6 e6 6. Nc3 exd5 7. Nxd5 Nxd5 8.
Qxd5 Nc6 9. Nf3 Be7 10. Ne5 O-O 11. Nxc6 dxc6 12. Qxd8 Rxd8 13. Bf4 c4 14. a3
Bf6 15. Rc1 Bxb2 16. Rxc4 Bxa3 17. f3 c5 18. Kf2 Bb7 19. g3 Rd1 20. Ra4 Bb4 21.
Bg2 Rxh1 22. Bxh1 a5 23. Bc7 c4 24. Bg2 Ra6 25. f4 Bc5+ 26. Kf1 Bxg2+ 27. Kxg2
Bxb6 28. Bxb6 Rxb6 29. Rxa5 g6 30. Rc5 Rb4 31. Kf2 Kg7 32. g4 c3 33. Ke3 Rb3
34. Kd4 Rb4+ 35. Ke3 Rb3 36. Kf2 Rb4 37. Kf3 Rb3 38. h4 h5 39. gxh5 gxh5 40. e3
Kg6 41. f5+ Kf6 42. Kf4 Ke7 43. Ke5 f6+ 44. Kd5 c2 45. Kd4 Rb4+ 46. Kd3 Rxh4
47. Kxc2 Kd6 48. Ra5 Rc4+ 49. Kd3 Rc5 50. Ra6+ Rc6 51. Ra8 Ke5 52. Ra5+ Kd6 53.
Ke4 Rc4+ 54. Kd3 Rc5 55. Ra6+ Rc6 56. Ra8 1/2-1/2